Statistics for Books of the Catholic Bible Quiz

Click here to take the quiz!

General Stats

  • This quiz has been taken 36,130 times
  • The average score is 33 of 73

Answer Stats

Book % Correct
Genesis
95%
John
93%
Luke
90%
Matthew
90%
Mark
89%
Exodus
87%
1 John
84%
Revelation
77%
Leviticus
77%
Psalms
76%
Numbers
73%
Deuteronomy
73%
1 Corinthians
67%
Job
65%
Ruth
64%
2 John
63%
1 Kings
62%
1 Peter
62%
Romans
61%
Acts
60%
2 Corinthians
60%
2 Kings
59%
1 Samuel
53%
2 Peter
53%
3 John
52%
Proverbs
51%
Joshua
51%
Isaiah
51%
2 Samuel
50%
Judges
49%
Esther
48%
Daniel
45%
James
45%
1 Timothy
43%
Song of Songs
43%
Jeremiah
42%
Ezekiel
42%
Ephesians
41%
Jude
41%
Galatians
40%
2 Timothy
40%
1 Chronicles
39%
Philippians
39%
Jonah
38%
1 Thessalonians
38%
2 Chronicles
38%
Hebrews
37%
2 Thessalonians
37%
Ezra
36%
Colossians
36%
Ecclesiastes
34%
Malachi
32%
Nehemiah
32%
Titus
32%
Amos
30%
Lamentations
29%
Micah
29%
Zechariah
28%
Hosea
27%
1 Maccabees
26%
Habakkuk
26%
Obadiah
26%
Joel
26%
Philemon
26%
2 Maccabees
25%
Haggai
23%
Nahum
22%
Wisdom
22%
Zephaniah
22%
Judith
20%
Tobit
19%
Ecclesiasticus
18%
Baruch
15%

Score Distribution

Percentile by Number Answered

Percent of People with Each Score

Your Score History

You have not taken this quiz